Normal view
MARC view
- Fairoosa K
Entry Personal Name
001 - CONTROL NUMBER
- control field: 4235
003 - CONTROL NUMBER IDENTIFIER
- control field: OSt
005 - DATE AND TIME OF LATEST TRANSACTION
- control field: 20190715123134.0
008 - FIXED-LENGTH DATA ELEMENTS
- fixed length control field: 190715|| aca||aabn | a|a d
040 ## - CATALOGING SOURCE
- Original cataloging agency: OSt
- Transcribing agency: OSt
100 ## - HEADING--PERSONAL NAME
- Personal name: Fairoosa K
670 ## - SOURCE DATA FOUND
- Source citation: Work cat.: (OSt): Anusha K George 4234, Development and Evaluation of avacuum fried jackfruit chips (Artocarpus heterophylluS), 2019
